000 00601nam a2200205Ia 4500
001 5702
003 GE_BSU
008 181216s||||||||xx |||||||||||||| ||und||
040 _cGE_BSU
080 _a512.55
100 _aБурбаков, Н.
245 _aАлгебра. Модули, кольца, формы
245 _cПер с французского Г..В. Дорофеева, Ю..И.Манина
260 _aМосква.
260 _bМир,
260 _c1966
300 _a555с. 22см.
653 _aАлгебра. Модули, кольца, формы
942 _cBK
999 _c39121
_d39121